| 000 -LEADER |
| fixed length control field |
00778nam a2200253 a 4500 |
| 001 - CONTROL NUMBER |
| control field |
15147 |
| 003 - CONTROL NUMBER IDENTIFIER |
| control field |
BD-DhUAP |
| 005 - DATE AND TIME OF LATEST TRANSACTION |
| control field |
20201102145944.0 |
| 008 - FIXED-LENGTH DATA ELEMENTS--GENERAL INFORMATION |
| fixed length control field |
201102s2005 bg a b 001 0 eng |
| 020 ## - INTERNATIONAL STANDARD BOOK NUMBER |
| International Standard Book Number |
9843228367 |
| 040 ## - CATALOGING SOURCE |
| Original cataloging agency |
BD-DhUAP |
| Transcribing agency |
BD-DhUAP |
| Language of cataloging |
Eng |
| Modifying agency |
BD-DhUAP |
| 082 00 - DEWEY DECIMAL CLASSIFICATION NUMBER |
| Classification number |
512.5 CHO |
| Edition number |
23 |
| 100 1# - MAIN ENTRY--PERSONAL NAME |
| Personal name |
Chowdury, Fatema. |
| 245 10 - TITLE STATEMENT |
| Title |
Essentials of number theory / |
| Statement of responsibility, etc. |
Fatema Chowdury and Munibur Rahman Chowdhury. |
| 250 ## - EDITION STATEMENT |
| Edition statement |
1st ed. |
| 260 ## - PUBLICATION, DISTRIBUTION, ETC. |
| Place of publication, distribution, etc. |
Dhaka : |
| Name of publisher, distributor, etc. |
Pi Publications, |
| Date of publication, distribution, etc. |
c2005. |
| 300 ## - PHYSICAL DESCRIPTION |
| Extent |
v, 224 pages : |
| Other physical details |
illustrations ; |
| Dimensions |
24 cm. |
| 504 ## - BIBLIOGRAPHY, ETC. NOTE |
| Bibliography, etc. note |
Includes bibliographical references and index. |
| 650 #0 - SUBJECT ADDED ENTRY--TOPICAL TERM |
| Topical term or geographic name entry element |
Algebra. |
| 650 #0 - SUBJECT ADDED ENTRY--TOPICAL TERM |
| Topical term or geographic name entry element |
Number theory. |
| 700 1# - ADDED ENTRY--PERSONAL NAME |
| Personal name |
Chowdhury, Munibur Rahman |
| 942 ## - ADDED ENTRY ELEMENTS (KOHA) |
| Source of classification or shelving scheme |
|
| Koha item type |
Book |